L'aménagement du territoire (notice n° 1566549)

détails MARC
000 -LEADER
fixed length control field 01221cam a2200133 4500500
005 - DATE AND TIME OF LATEST TRANSACTION
control field 20251214001915.0
041 ## - LANGUAGE CODE
Language code of text/sound track or separate title fre
042 ## - AUTHENTICATION CODE
Authentication code dc
100 10 - MAIN ENTRY--PERSONAL NAME
Personal name Desjardins, Xavier
Relator term author
245 00 - TITLE STATEMENT
Title L'aménagement du territoire
260 ## - PUBLICATION, DISTRIBUTION, ETC.
Name of publisher, distributor, etc. Armand Colin,<br/>
Date of publication, distribution, etc. 2021.<br/>
520 ## - SUMMARY, ETC.
Summary, etc. Organiser collectivement le rapport entre la société et son espace afin de mieux répondre aux objectifs politiques qu’elle se fixe : tel est le but de l’aménagement du territoire. Ce manuel clair et concis vient en présenter les principaux fondements et enjeux, notamment le développement économique, l’accès aux services, le rôle des infrastructures, la transition écologique. Cette nouvelle édition enrichie de nombreux exemples empruntés à des contextes variés (en France, en Europe et dans le monde) analyse les principaux débats liés à la construction des politiques publiques d’aménagement et leur mise en oeuvre. Elle propose une lecture critique et stimulante des expériences significatives et marquantes de l’aménagement du territoire, avant d’en interroger les formes à venir.
856 41 - ELECTRONIC LOCATION AND ACCESS
Uniform Resource Identifier <a href="https://shs.cairn.info/l-amenagement-du-territoire--9782200630966?lang=fr&redirect-ssocas=7080">https://shs.cairn.info/l-amenagement-du-territoire--9782200630966?lang=fr&redirect-ssocas=7080</a>

Pas d'exemplaire disponible.

PLUDOC

PLUDOC est la plateforme unique et centralisée de gestion des bibliothèques physiques et numériques de Guinée administré par le CEDUST. Elle est la plus grande base de données de ressources documentaires pour les Étudiants, Enseignants chercheurs et Chercheurs de Guinée.

Adresse

627 919 101/664 919 101

25 boulevard du commerce
Kaloum, Conakry, Guinée

Réseaux sociaux

Powered by Netsen Group @ 2025